<?xml version="1.0" encoding="UTF-8"?>
<collection xmlns:xsi="http://www.w3.org/2001/XMLSchema-instance" xsi:schemaLocation="http://www.loc.gov/MARC21/slim http://www.loc.gov/standards/marcxml/schema/MARC21slim.xsd" xmlns="http://www.loc.gov/MARC21/slim">
 <record>
  <leader>00000ctm a22000004a 4500</leader>
  <controlfield tag="001">UP-99796217613532169</controlfield>
  <controlfield tag="003">Buklod</controlfield>
  <controlfield tag="005">20230606144724.0</controlfield>
  <controlfield tag="006">m     o  u        </controlfield>
  <controlfield tag="007">ta</controlfield>
  <controlfield tag="008">230606s2019    xx     d m   |||| ||    |</controlfield>
  <datafield tag="035" ind1=" " ind2=" ">
   <subfield code="a">(iLib)UPD-00518770608</subfield>
  </datafield>
  <datafield tag="040" ind1="0" ind2=" ">
   <subfield code="a">DEDUC</subfield>
   <subfield code="e">rda</subfield>
  </datafield>
  <datafield tag="041" ind1="0" ind2=" ">
   <subfield code="a">fil</subfield>
  </datafield>
  <datafield tag="042" ind1=" " ind2=" ">
   <subfield code="a">DMLUC</subfield>
  </datafield>
  <datafield tag="090" ind1="0" ind2="0">
   <subfield code="a">LG 995 2019 E34</subfield>
   <subfield code="b">F47</subfield>
  </datafield>
  <datafield tag="100" ind1="1" ind2=" ">
   <subfield code="a">Fernandez, Rogerick Fontanilla</subfield>
   <subfield code="e">author.</subfield>
  </datafield>
  <datafield tag="245" ind1="1" ind2="4">
   <subfield code="a">Mga salik sa pagbuo ng konsepto at batayan ng kahalagahang pangkasaysayan ng mga mag-aaral at guro</subfield>
   <subfield code="c">Rogerick Fontanilla Fernandez ; Lorina Y. Calingasan, tagapayo ; Maria Luisa T. Camagay, mambabasa ; Maria Vanessa P. Lusung-Oyzon, kritiko/mambabasa miyembro.</subfield>
  </datafield>
  <datafield tag="264" ind1=" " ind2="1">
   <subfield code="a">Quezon City</subfield>
   <subfield code="b">College of Education, University of the Philippines Diliman</subfield>
   <subfield code="c">2019.</subfield>
  </datafield>
  <datafield tag="300" ind1=" " ind2=" ">
   <subfield code="a">10 unnumbered leaves, 177 leaves</subfield>
   <subfield code="b">illustrations</subfield>
   <subfield code="c">28 cm.</subfield>
  </datafield>
  <datafield tag="336" ind1=" " ind2=" ">
   <subfield code="a">text</subfield>
   <subfield code="2">rdacontent</subfield>
  </datafield>
  <datafield tag="337" ind1=" " ind2=" ">
   <subfield code="a">unmediated</subfield>
   <subfield code="2">rdamedia</subfield>
  </datafield>
  <datafield tag="338" ind1=" " ind2=" ">
   <subfield code="a">volume</subfield>
   <subfield code="2">rdacarrier</subfield>
  </datafield>
  <datafield tag="502" ind1=" " ind2=" ">
   <subfield code="a">Thesis </subfield>
   <subfield code="b">Masterado ng Sining Edukasyon - Araling Panlipunan</subfield>
   <subfield code="c">University of the Philippines, Diliman</subfield>
   <subfield code="d">Hulyo 2019.</subfield>
  </datafield>
  <datafield tag="504" ind1=" " ind2=" ">
   <subfield code="a">Includes bibliographical references (pages 143-152)</subfield>
  </datafield>
  <datafield tag="506" ind1=" " ind2=" ">
   <subfield code="a">This thesis is available to the public.</subfield>
  </datafield>
  <datafield tag="520" ind1="0" ind2=" ">
   <subfield code="a">Sa ilalim ng K to 12 Basic Education Program, pinaigting  ang pagtataguyod ng mga konsepto ng pangkasaysayanng pag-iisip o historical  thinking  concept upang higit na maging disciplined-based ang  pag-aaral ng kasaysayan. Kabilang dito ang kahalagahang pangkasaysayan o historical significance, na tumutukoy sa konsepto, mga batayan, at mga paraan sa pag-alam kung ano o sino sa mga nagdaang panahon ang karapat-dapat na alalahanin at mapag-aralan. Layon ng kasalukuyang pananaliksik na masuri ang kaalaman ng mga Pilipinong mag-aaral tungkol sa kahalagahang pangkasaysayan. Sa pamamagitan ng pagsagot ng historical significance questionnaire at mga panayam, inalam mula sa mga mag-aaral na nagmula sa pampubliko at pampribadong mga paaralan ang kanilang mga dahilan sa pagpili ng mahahalagang pangyayari, tao, o bagay mula sa kasaysayan ng Pilipinas. Bahagi rin ng kasalukuyang pananaliksik ang mga naging guro ng mga mag-aaral sa asignaturang Araling Panlipunan noong sila ay nasa Baitang 5. Napag-alamang ang mga dahilang ibinigay ng mga  mag-aaral upang italaga ang kahalagahang pangkasaysayan ay maipapangkat sa tatlong batayan: Pakikibaka, Pagkakakilanlan, at Pakinabang. Naipakitang naiimpluwensiyahan ang mga mag-aaral ng kanilang kaalamang pangkasaysayan nagmumula sa loob ng paaralan (kurikulum, teksbuk, at guro) at maging sa labas nito (pamilya, midya, pasyalan, rebulto, at iba pa) upang pag isipang ang kahalagahang pangkasaysayan ay likas na taglay ng mga kaganapan sa  nakaraan, at estatiko o hindi maaaring magbago sa paglipas ng panahon. Napalalakas naman ng mga salik pangguro ang di-nasusuring  pananampalataya ng mga mag-aaral sa itinuturing nilang mga awtoridad (tulad ng mga guro) sa kasaysayan, na pangunahing pinaniniwalaan nila sa pagtatalaga ng kahalagahang pangkasaysayan. Dulot nito, nakaangkla ang mga mag-aaral sa pagkikila sa kahalagahan ng mga bahagi ng nakaraang panahon bilang nagbibigay katwiran sa kasalukuyang kalagayan ng Pilipinas at ng mga Pilipino: malaya, may pagkakakilanlan, at may maunlad na pamumuhay. Maituturing na ang mga mag-aaral ay may payak na pag-unawa sa higit na malawak, mas komplikadong salaysay ng nakalipas na panahon. Nagbigay ng mga rekomendasyon batay sa naging mga resulta at konklusyon ng pag-aaral na ito. Mga susing salita: kahalagahang pangkasaysayan, pangkasaysayan pag-iisip, salik pangmag-aaral, salik pangguro.</subfield>
  </datafield>
  <datafield tag="651" ind1=" " ind2="0">
   <subfield code="a">Philippines</subfield>
   <subfield code="x">History</subfield>
   <subfield code="x">Study and teaching.</subfield>
  </datafield>
  <datafield tag="700" ind1="1" ind2=" ">
   <subfield code="a">Calingasan, Lorina Y.</subfield>
   <subfield code="e">adviser.</subfield>
  </datafield>
  <datafield tag="700" ind1="1" ind2=" ">
   <subfield code="a">Camagay, Ma. Luisa T.</subfield>
   <subfield code="e">reader.</subfield>
  </datafield>
  <datafield tag="700" ind1="1" ind2=" ">
   <subfield code="a">Oyzon, Maria Vanessa P. Lusung</subfield>
   <subfield code="e">critic/reader member.</subfield>
  </datafield>
  <datafield tag="842" ind1=" " ind2=" ">
   <subfield code="a">Thesis</subfield>
  </datafield>
  <datafield tag="905" ind1=" " ind2=" ">
   <subfield code="a">FI</subfield>
  </datafield>
  <datafield tag="905" ind1=" " ind2=" ">
   <subfield code="a">UP</subfield>
  </datafield>
  <datafield tag="852" ind1="0" ind2=" ">
   <subfield code="a">UPD</subfield>
   <subfield code="b">DEDUC</subfield>
   <subfield code="h">LG 995 2019 E34</subfield>
   <subfield code="i">F47</subfield>
  </datafield>
  <datafield tag="942" ind1=" " ind2=" ">
   <subfield code="a">Thesis</subfield>
  </datafield>
 </record>
</collection>
